| 000 | 00376 a2200145 4500 | ||
|---|---|---|---|
| 999 |
_c6365 _d6365 |
||
| 020 | _a9382226734 | ||
| 050 | _aQE26.2ISA 2013 | ||
| 100 |
_aIsabel Angelou _eauthor |
||
| 245 |
_aEarth Science Today : _cAngelou Isabel |
||
| 264 |
_aNew Delhi: _bRandom Exports, _c2013 |
||
| 300 | _a304p. | ||
| 500 | _aIncludes index | ||
| 650 | _aEarth Science | ||
| 942 |
_2lcc _cBK _h26.2 _iISA _kQE |
||